书目信息 |
| 题名: |
苍穹浩瀚
|
|
| 作者: | 科里 著 ;吴奕俊 译 | |
| 分册: | Ⅱ 卡利班之战 | |
| 出版信息: | 成都 天地出版社 2019.01 |
|
| 页数: | 523页 | |
| 开本: | 22cm | |
| 丛书名: | ||
| 单 册: | ||
| 中图分类: | I712.45 | |
| 科图分类: | ||
| 主题词: | 科学幻想小说--ke xue huan xiang xiao shuo--美国--现代 , 长篇小说--chang pian xiao shuo--美国--现代 | |
| 电子资源: | ||
| ISBN: | 978-7-5455-3620-1 | |
| 000 | 01138nam 2200289 450 | |
| 001 | 202019137737 | |
| 005 | 20191026133321.0 | |
| 010 | @a978-7-5455-3620-1@dCNY45.00 | |
| 100 | @a20191023d2019 em y0chiy50 ea | |
| 101 | 1 | @achi@ceng |
| 102 | @aCN@b510000 | |
| 105 | @ay z 000ay | |
| 106 | @ar | |
| 200 | 1 | @a苍穹浩瀚@Acang qiong hao han@hⅡ@i卡利班之战@d= The expanse@h2@iCaliban's war@f(美) 詹姆斯·S.A.科里著@g吴奕俊译@zeng |
| 210 | @a成都@c天地出版社@d2019.01 | |
| 215 | @a523页@d22cm | |
| 314 | @a(美) 詹姆斯·S.A.科里, 美国科幻/奇幻大师。吴奕俊, 英国华威大学硕士。 | |
| 330 | @a本书讲述了在浩瀚又危机四伏的宇宙中, 一名飞船船长与其船员如何努力维持行星与行星之间的和平, 抵御外来入侵者, 保卫人类安全的故事。 | |
| 500 | 10 | @aExpanse@h2@iCaliban's war@mChinese |
| 517 | 1 | @a卡利班之战@Aka li ban zhi zhan |
| 606 | 0 | @a科学幻想小说@Ake xue huan xiang xiao shuo@y美国@z现代 |
| 606 | 0 | @a长篇小说@Achang pian xiao shuo@y美国@z现代 |
| 690 | @aI712.45@v5 | |
| 701 | 1 | @a科里@Ake li@g(Corey, James S. A.)@4著 |
| 702 | 0 | @a吴奕俊@Awu yi jun@4译 |
| 801 | 0 | @aCN@c20190905 |
| 905 | @a河南城建学院图书馆@dI712.45@eK503-2:2 | |
| 苍穹浩瀚.Ⅱ.卡利班之战= The expanse.2.Caliban's war/(美) 詹姆斯·S.A.科里著/吴奕俊译.-成都:天地出版社,2019.01 |
| 523页;22cm |
| ISBN 978-7-5455-3620-1:CNY45.00 |
| 本书讲述了在浩瀚又危机四伏的宇宙中, 一名飞船船长与其船员如何努力维持行星与行星之间的和平, 抵御外来入侵者, 保卫人类安全的故事。 |
| ● |
| 相关链接 |
|
|
|
正题名:苍穹浩瀚
索取号:I712.45/K503-2:2
 
预约/预借
| 序号 | 登录号 | 条形码 | 馆藏地/架位号 | 状态 | 备注 |
| 1 | 1446632 | 214466326 | 文学库116/116文学库 27排5列5层/ [索取号:I712.45/K503-2:2] | 在馆 | |
| 2 | 1446633 | 214466335 | 文学库116/116文学库 27排5列5层/ [索取号:I712.45/K503-2:2] | 在馆 |